|
|
|
|
| LEADER |
00922nam a2200313 4500 |
| 001 |
DLU090096965 |
| 005 |
##20091201 |
| 040 |
# |
# |
|a DLU
|b eng
|
| 041 |
# |
# |
|a eng
|
| 044 |
# |
# |
|a us
|
| 100 |
# |
# |
|a Fu, Lung-Ming.
|
| 245 |
# |
# |
|a Electrokinetic focusing injection methods on microfluidic devices /
|c Lung-Ming Fu, Ruey-Jen Yang, Gwo-Bin Lee.
|
| 653 |
# |
# |
|a Electric potential
|
| 653 |
# |
# |
|a Electrokinetics
|
| 653 |
# |
# |
|a Injection
|
| 653 |
# |
# |
|a Microfluidics
|
| 653 |
# |
# |
|a Performance evaluation
|
| 700 |
# |
# |
|a Lee, Gwo-Bin.
|
| 700 |
# |
# |
|a Yang, Ruey-Jen.
|
| 773 |
# |
# |
|t Analytical Chemistry
|g Vol. 75, no. 8 (April 2003), p. 1905-1910
|
| 920 |
# |
# |
|a Phòng Tạp chí -- Trung tâm Thông tin - Thư viện Trường Đại học Đà Lạt
|
| 994 |
# |
# |
|a DLU
|
| 900 |
# |
# |
|a True
|
| 911 |
# |
# |
|a Trương Bảo Trâm Anh
|
| 925 |
# |
# |
|a G
|
| 926 |
# |
# |
|a A
|
| 927 |
# |
# |
|a BB
|
| 980 |
# |
# |
|a Thư viện Trường Đại học Đà Lạt
|